| 000 | 01375cam a2200325 i 4500 | ||
|---|---|---|---|
| 005 | 20160105023624.0 | ||
| 008 | 010803s2002 enkabf b 001 0 eng | ||
| 020 | _a0198549962 | ||
| 040 |
_aDLC _cDLC _dCO-BoIAVH |
||
| 041 | _aeng | ||
| 044 | _axxu | ||
| 082 | 0 | 4 |
_a598.5 _bD25r |
| 100 | 1 | _aDavies, S. J. J. F. | |
| 245 | 1 | 0 |
_aRatites and tinamous _bTinamidae, Rheidae, Dromaiidae, Casuariidae, Apterygidae, Struthionidae / _cS.J.J.F. Davies ; colour plates by Michael J. Bamford ; drawings and maps by Danika Loomes. |
| 260 |
_aOxford _aNew York _bOxford University Press _c2002 |
||
| 300 |
_axxiii, 310 páginas _bilustraciones, láminas y mapas _c26 cm. |
||
| 490 | 0 | 0 |
_aBirds families of the world _x9 |
| 504 | _aIncluye referencias bibliográficas e índice. | ||
| 505 | 0 | _aTinamous. -- Rheas. -- Emu. -- Cassowaries. -- Moas and kiwis. -- Ostrich and elephant birds. | |
| 650 | 1 | 4 | _aAves terrestres |
| 650 | 1 | 6 | _aAves corredoras |
| 650 | 2 | 6 | _aTinamidae |
| 650 | 2 | 4 | _aRátidas |
| 650 | 2 | 4 | _aPaleognatas |
| 700 | 1 | _aBamford, Mike | |
| 700 | 1 |
_aLoomes, Danika _edibujante |
|
| 856 | 4 | 1 |
_3Table of contents only _uhttp://www.loc.gov/catdir/enhancements/fy0611/2001133059-t.html |
| 856 | 4 | 2 |
_3Publisher description _uhttp://www.loc.gov/catdir/enhancements/fy0611/2001133059-d.html |
| 942 |
_2ddc _cLIBRO |
||
| 999 |
_c4988 _d4988 |
||